Revista de la Universidad de Buenos Aires. (Record no. 2015)

MARC details
000 -LEADER
campo de control de longitud fija 00896nas a2200301 i 4500
001 - NÚMERO DE CONTROL
campo de control 2015
003 - IDENTIFICADOR DE NÚMERO DE CONTROL
campo de control ES-MaACL
005 - FECHA Y HORA DE LA ÚLTIMA TRANSACCIÓN
campo de control 20250828062528.0
007 - CAMPO FIJO DE DESCRIPCIÓN FÍSICA--INFORMACIÓN GENERAL
campo de control de longitud fija t|
008 - DATOS DE LONGITUD FIJA--INFORMACIÓN GENERAL
campo de control de longitud fija 950801c1943 ag | | 1 ||pa d
022 ## - NÚMERO INTERNACIONAL NORMALIZADO PARA PUBLICACIONES SERIADAS
Número Internacional Normalizado para Publicaciones Seriadas 0327-2389
080 ## - NÚMERO DE LA CLASIFICACIÓN DECIMAL UNIVERSAL
Número de la Clasificación Decimal Universal 82
245 00 - MENCIÓN DEL TÍTULO
Título Revista de la Universidad de Buenos Aires.
260 ## - PUBLICACIÓN, DISTRIBUCIÓN, ETC.
Lugar de publicación, distribución, etc. Buenos Aires :
Nombre del editor, distribuidor, etc. [Imp. de la Universidad],
Fecha de publicación, distribución, etc. 1943-
300 ## - DESCRIPCIÓN FÍSICA
Extensión 16 v. ;
Dimensiones 28 cm.
310 ## - PERIODICIDAD ACTUAL
Periodicidad actual Trimestral
362 0# - FECHAS DE PUBLICACIÓN Y/O DESIGNACIÓN SECUENCIAL
Fecha de publicación y/o designación secuencial Año I (1943)-
500 ## - NOTA GENERAL
Nota general No se publicó de 1954 a 1955.
650 #7 - PUNTO DE ACCESO ADICIONAL DE MATERIA--TÉRMINO DE MATERIA
Término de materia o nombre geográfico como elemento de entrada Educación
Fuente del encabezamiento o término embne
9 (RLIN) 12073
700 1# - ENTRADA AGREGADA--NOMBRE PERSONAL
Nombre de persona Ravignani, Emilio,
Término indicativo de función/relación
9 (RLIN) 95593
700 1# - ENTRADA AGREGADA--NOMBRE PERSONAL
Nombre de persona Ivanissevich, Oscar,
Término indicativo de función/relación
9 (RLIN) 194339
700 1# - ENTRADA AGREGADA--NOMBRE PERSONAL
Nombre de persona Beltrán, Juan Ramón,
Término indicativo de función/relación
9 (RLIN) 194340
700 1# - ENTRADA AGREGADA--NOMBRE PERSONAL
Nombre de persona Benítez, Hernán,
Término indicativo de función/relación
9 (RLIN) 27604
710 2# - ENTRADA AGREGADA--NOMBRE DE ENTIDAD CORPORATIVA
Nombre de entidad corporativa o nombre de jurisdicción como elemento de entrada Universidad de Buenos Aires.
9 (RLIN) 7155
852 ## - LOCALIZACIÓN
Ubicación ES-MaACL
Número de control de estantería Hem-884
866 #0 - MENCIÓN TEXTUAL DE FONDOS--UNIDAD BIBLIOGRÁFICA BÁSICA
Fondos 1945-46,1948-53.1956-63.
Holdings
Estatus retirado Estado de pérdida Estado de daño No para préstamo Colección Biblioteca de origen Biblioteca actual Ubicación en estantería Fecha de adquisición Fuente de adquisición Total de préstamos Signatura topográfica completa Código de barras Visto por última vez Precio de reemplazo Tipo de ítem Koha
        Periódicos y Revistas Biblioteca del Ateneo de Madrid Biblioteca del Ateneo de Madrid Depósito 1 17/01/2008     Hem-884 1002054 23/02/2023 23/02/2023 Revista